| 000 | 00947nam a2200253 a 4500 | ||
|---|---|---|---|
| 005 | 20210721120150.0 | ||
| 008 | 120830s2016 sp a|||gr|||| 00| 0 spa d | ||
| 020 | _a9788490353004 | ||
| 040 |
_aCO-BoUCM _bspa _cDeissy Garcia _dDeissy Garcia |
||
| 041 | 1 |
_aspa _heng |
|
| 100 | 1 |
_aFloyd, Thomas L. _9103667 |
|
| 245 | 1 | 0 |
_aFundamentos de sistemas digitales _cThomas L. Floyd ; traducción Vuelapluma S.L. |
| 250 | _a11a.Ed. | ||
| 260 |
_aMadrid _bPearson _c2016 |
||
| 300 |
_axvi, 914 [61] páginas _bilustraciones |
||
| 500 | _aBibliografía Básica - Escuela De Ingeniería, Ciencia y Tecnología | ||
| 504 | _aIncluye referencias bibliográficas e índices | ||
| 650 | 0 |
_9104263 _aCircuitos lógicos |
|
| 650 | 0 |
_9104264 _aContadores de fluidos |
|
| 650 | 7 |
_910872 _aCircuitos integrados |
|
| 710 | 2 |
_aVuelapluma S.L. _etraductor _9104265 |
|
| 942 |
_cLIBRO _2DEWEY _a14 _e11 _h621.381 _mF645f _n0 |
||
| 999 |
_c318911 _d318911 |
||